00783cam a22002417a 4500003000500000005001700005008004100022010001000063011001000073035001000083040000900093100003100102245009900133260008900232300001900321410000900340490003600349650003300385650004400418700003400462810000900496830003600505CHAP20220817043146.0971013s1988 r 00010 d a67018 a67990 a77462 cCHAP00aAguilar Pérez, Federico. 0aFondo de rehabilitación para agricultores de la Comarca Lagunerab: testimonios históricos aMéxico, D.F. :bFideicomisos Instituidos en Relación con la Agrícultura,c1988 a20 p.b: ilus. aFIRA 0aBoletin informativov; 20 (304)14aAlgodónxComarca Lagunera.14aCrédito agrícolaxComarca lagunera.0 aAlarcón García, Maximino. aFIRA0 aBoletin informativov; 20 (304)